000 00667nam a2200241Ia 4500
003 OSt
005 20220918190529.0
006 a|||||r|||| 00| 0
007 ta
008 220917b |||||||| |||| 00| 0 eng d
024 _a57,412
037 _cTextual
040 _aARTS
_cARTS
_beng
041 _2eng
_aeng
082 _aQ1:2x, K6
100 _aBandhu Vishva ed
_972997
245 0 _aVed sastra sangraha
_b an anthology of the vedsdas and sastras
260 _aNew Delhi
_bSahitya Akademi
_c1966
490 _aSahityaratnqakosa; 1
650 _aRELIGION
942 _hQ1:2x, K6
_cTEXL
_2CC
999 _c185640
_d185640